3 films, Un réalisateur - Statistiques

Statistiques générales
  • Ce quiz a été pris 3 841 fois
  • Le résultat moyen est 12 sur 17
Statistiques - réponses
Hint Réponse % Correct
Reservoir dogs/ Kill Bill/ Django Unchained Quentin Tarantino
92%
Memento/ Inception/ Interstellar Christopher Nolan
86%
Avatar/ Titanic/ Abyss James Cameron
84%
Les Oiseaux/ La Mort aux trousses/ Psychose Alfred Hitchcock
81%
Il faut sauver le soldat Ryan/ Ready Player One/ Les Dents de la mer Steven Spielberg
80%
American Graffiti/ Star Wars IV: Un nouvel espoir/ THX 1138 George Lucas
77%
Le Dictateur/ Les Temps modernes/ Les Lumières de la ville Charlie Chaplin
76%
Taxi Driver/ A tombeau ouvert/ Le loup de Wall Street Martin Scorsese
72%
Fight Club/ Seven/ Alien 3 David Fincher
71%
Apocalypse Now/ Outsiders/ Le Parrain Francis Ford Coppola
71%
Blade Runner/ Gladiator/ Alien, le huitième passager Ridley Scott
67%
Le Hobbit: La désolation de Smaug/ Fantômes contre fantômes/ Le Seigneur des anneaux: Le Retour du roi Peter Jackson
62%
Maman, j'ai raté l'avion!/ Madame Doubtfire/ Harry Potter et la Chambre des secrets Chris Colombus
55%
Et pour quelques dollars de plus/ Le Bon, la Brute et le Truand/ Il était une fois dans l'Ouest Sergio Leone
53%
Very Bad Trip/ War Dogs/ Joker Todd Phillips
49%
Sully/ American Sniper/ Invictus Clint Eastwood
45%
Mission impossible 2/ Volte-face/ Chasse à l'homme John Woo
38%
Aucun quiz correspondant
Distribution des résultats
% des personnes avec chaque résultat
Percentile par nombre de réponses
Votre historique - résultats
Vous n’avez pas pris ce quiz